| 000 | 01325cam a2200313 a 4500 | ||
|---|---|---|---|
| 001 | 2091695 | ||
| 003 | OSt | ||
| 005 | 20240627103956.0 | ||
| 008 | 940630s1994 enk b 001 0 eng d | ||
| 010 | _a 95104239 | ||
| 020 | _a1853832146 | ||
| 020 | _a1853832111 (pbk.) | ||
| 035 | _a(OCoLC)30691379 | ||
| 040 | _cmust | ||
| 042 | _alccopycat | ||
| 082 | 0 | 0 | _a363 BRE 1994 |
| 100 | 1 |
_aBrenton, Tony. _918194 |
|
| 245 | 1 | 4 |
_aThe greening of Machiavelli : _bthe evolution of international environmental politics / _cTony Brenton. |
| 260 |
_aLondon : _bRoyal Institute of International Affairs, Energy and Environmental Programme : _bEarthscan Publications ; _aWashington, D.C. : _bdistributed in North America by Brookings Institution, _c1994. |
||
| 300 |
_axv, 282 p. ; _c22 cm. |
||
| 504 | _aIncludes bibliographical references and index. | ||
| 650 | 0 |
_aEnvironmental policy _xInternational cooperation. _94966 |
|
| 650 | 0 |
_aEnvironmental protection _xInternational cooperation. _918195 |
|
| 650 | 0 |
_aEnvironmental law, International. _97738 |
|
| 710 | 2 |
_aEnergy and Environmental Programme (Royal Institute of International Affairs) _918196 |
|
| 906 |
_a7 _bcbc _ccopycat _d2 _encip _f19 _gy-gencatlg |
||
| 942 |
_2ddc _cO_SHELF |
||
| 999 |
_c8972 _d8972 |
||